Word Scramble - 4 Major Sports Leagues - Statistics

General Stats
  • This quiz has been taken 22 times
  • The average score is 16 of 20
Answer Stats
League Answer % Correct
NFL 49ers
100%
NFL Bears
100%
NFL Bills
100%
NHL Blackhawks
100%
NHL Blues
100%
NHL Bruins
100%
NFL Buccaneers
100%
NBA Bucks
100%
NHL Canadians
100%
NHL Canucks
100%
NFL Chiefs
100%
NFL Commanders
100%
NFL Cowboys
100%
MLB Cubs
100%
NHL Devils
100%
MLB Dodgers
100%
NFL Eagles
100%
NHL Flames
100%
NHL Flyers
100%
MLB Giants
100%
NBA Grizzlies
100%
NBA Hawks
100%
NBA Heat
100%
NBA Hornets
100%
NFL Jaguars
100%
NBA Jazz
100%
NFL Jets
100%
NHL Jets
100%
NBA Kings
100%
NBA Knicks
100%
NHL Knights
100%
NFL Lions
100%
MLB Mariners
100%
MLB Marlins
100%
MLB Mets
100%
NBA Pacers
100%
MLB Padres
100%
NHL Panthers
100%
MLB Phillies
100%
NBA Pistons
100%
NHL Predators
100%
NFL Rams
100%
NHL Rangers
100%
NBA Raptors
100%
MLB Rays
100%
MLB Reds
100%
NHL Red Wings
100%
NFL Saints
100%
NHL Sharks
100%
NHL Stars
100%
NBA Suns
100%
NFL Texans
100%
MLB Tigers
100%
NBA Timberwolves
100%
NFL Vikings
100%
MLB White Sox
100%
NHL Wild
100%
NBA Wizards
100%
NFL Cardinals
86%
NFL Colts
86%
MLB Cardinals
83%
NHL Kraken
83%
NFL Panthers
83%
NFL Titans
83%
NBA Clippers
80%
NHL Lightning
80%
NBA Magic
80%
NBA Spurs
80%
NBA Trailblazers
80%
MLB Twins
80%
NBA 76ers
75%
MLB Blue Jays
75%
MLB Brewers
75%
NBA Bulls
75%
NFL Giants
75%
NHL Islanders
75%
NHL Kings
75%
NHL Mammoth
75%
NBA Nets
75%
NBA Nuggets
75%
NHL Penguins
75%
NFL Ravens
75%
NBA Rockets
75%
NHL Capitals
71%
MLB Astros
67%
NFL Broncos
67%
NFL Browns
67%
NBA Cavaliers
67%
NBA Celtics
67%
NFL Falcons
67%
NHL Hurricanes
67%
NBA Lakers
67%
NFL Raiders
67%
MLB Rangers
67%
NFL Seahawks
67%
NFL Steelers
67%
NBA Thunder
67%
MLB Yankees
67%
NHL Avalanche
60%
MLB Braves
60%
NFL Packers
60%
MLB Red Sox
60%
NBA Warriors
60%
MLB Angels
50%
NFL Chargers
50%
MLB Diamondbacks
50%
NHL Ducks
50%
NHL Maple Leafs
50%
NBA Mavericks
50%
NHL Oilers
50%
MLB Orioles
50%
NFL Patriots
50%
MLB Royals
50%
NHL Sabres
50%
NHL Senators
50%
MLB Athletics
40%
MLB Guardians
33%
MLB Nationals
33%
NBA Pelicans
33%
MLB Rockies
33%
NFL Bengals
0%
NHL Blue Jackets
0%
NFL Dolphins
0%
MLB Pirates
0%
No matching quizzes found
Score Distribution
Percent of People with Each Score
Percentile by Number Answered
Your Score History
You have not taken this quiz